[Recenzia publikácie Mikroekonómia]

Na minha lista:
Detalhes bibliográficos
Autor principal: Vidová, Jarmila, 1967-
Formato: Capítulo de Livro
Idioma:eslovaco
Tags: Adicionar Tag
Sem tags, seja o primeiro a adicionar uma tag!

MARC

LEADER 00000naa a2200000 4500
001 0169042
005 20240502072934.7
041 0 |a slo 
044 |a SK 
245 1 0 |a [Recenzia publikácie Mikroekonómia]  |c Jarmila Vidová 
100 1 |a Vidová, Jarmila, 1967-